| 000 | 00724nam a2200205Ia 4500 | ||
|---|---|---|---|
| 999 |
_c19554 _d19554 |
||
| 082 | _aTV.0092 | ||
| 100 | _aVerma, Panna Lal | ||
| 245 | 0 | _aRole-conflict and the corresponding role performance among headmasters | |
| 260 |
_c1974 _bUniversity of Rajasthan |
||
| 300 | _a384p. | ||
| 650 | _aSECONDARY SCHOOL PRINCIPALS//HIGH SCHOOL PRINCIPALS | ||
| 650 | _aPRINCIPALS, SENIOR HIGH SCHOOL//HIGH SCHOOL PRINCIPALS | ||
| 650 | _aROLE CONFLICT | ||
| 650 | _aHIGH SCHOOL PRINCIPALS - RAJASTHAN | ||
| 650 | _aPRINCIPALS, HIGH SCHOOL//HIGH SCHOOL PRINCIPALS | ||
| 650 | _aEDUCATIONAL ADMINISTRATION - RAJASTHAN | ||
| 650 | _aSENIOR HIGH SCHOOL PRINCIPALS//HIGH SCHOOL PRINCIPA | ||
| 710 | _aOad, L.K. | ||
| 942 |
_cTH _2ddc |
||